| 000 | 00756nam a2200253Ia 4500 | ||
|---|---|---|---|
| 003 | OSt | ||
| 005 | 20221005092042.0 | ||
| 006 | a|||||r|||| 00| 0 | ||
| 007 | ta | ||
| 008 | 221004b |||||||| |||| 00| 0 eng d | ||
| 020 | _a0394546741 (hbk) | ||
| 024 | _a122533 | ||
| 037 |
_bGift, 29/10/2012, _cTextual |
||
| 040 |
_aCRL _cCRL _beng |
||
| 041 |
_2eng _aeng |
||
| 082 | _aV1:19(zM).P<-J, M7 | ||
| 100 | _aKennedy Paul | ||
| 245 | 0 | _aRise and fall of the great powers Economic change and military conflict from 1500 to 2000 | |
| 260 |
_aNew York _bRandom House USA _c1987 |
||
| 300 |
_a676p. _ccm. |
||
| 650 | _aHISTORY | ||
| 942 |
_hV1:19(zM).P<-J, M7 _cTEXL _2cc |
||
| 999 |
_c998259 _d998259 |
||